000 00580nam a2200181Ia 4500
005 20250326140551.0
008 250326s9999 xx 000 0 und d
037 _aTextbook
040 _aFMSL
_beng
_cFMSL
041 _aeng
_2eng
084 _aX:9 N8
_qFMSL
100 _aFisher K
_9742588
245 4 _aThe distributed mind: achieving high performance through the colletive intelligence of knowledge teame
_cFisher K; Fisher Md
260 _aNew York
_bNew York, Am. Mang .Association
_c1998
300 _a286p
942 _cTB
_hX:9 N8
999 _c1286343
_d1286343